<?xml version="1.0" encoding="UTF-8"?><?xml-stylesheet type="text/xsl" href="static/style.xsl"?><OAI-PMH xmlns="http://www.openarchives.org/OAI/2.0/" xmlns:xsi="http://www.w3.org/2001/XMLSchema-instance" xsi:schemaLocation="http://www.openarchives.org/OAI/2.0/ http://www.openarchives.org/OAI/2.0/OAI-PMH.xsd"><responseDate>2026-04-13T06:18:55Z</responseDate><request verb="GetRecord" identifier="oai:www.recercat.cat:2072/382529" metadataPrefix="marc">https://recercat.cat/oai/request</request><GetRecord><record><header><identifier>oai:recercat.cat:2072/382529</identifier><datestamp>2026-03-08T23:58:39Z</datestamp><setSpec>com_2072_98</setSpec><setSpec>col_2072_378192</setSpec></header><metadata><record xmlns="http://www.loc.gov/MARC21/slim" xmlns:dcterms="http://purl.org/dc/terms/" xmlns:xsi="http://www.w3.org/2001/XMLSchema-instance" xmlns:doc="http://www.lyncode.com/xoai" xsi:schemaLocation="http://www.loc.gov/MARC21/slim http://www.loc.gov/standards/marcxml/schema/MARC21slim.xsd">
   <leader>00925njm 22002777a 4500</leader>
   <datafield ind2=" " ind1=" " tag="042">
      <subfield code="a">dc</subfield>
   </datafield>
   <datafield ind2=" " ind1=" " tag="720">
      <subfield code="a">Riera i Figueras, Pilar</subfield>
      <subfield code="e">author</subfield>
   </datafield>
   <datafield ind2=" " ind1=" " tag="260">
      <subfield code="c">1985</subfield>
   </datafield>
   <datafield ind2=" " ind1=" " tag="520">
      <subfield code="a">Aménagement et Gestion du Territoire dans la Catalogne Autonome des annés quatre-vingt, a été le titre d'une Rencontre qui a eu lieu à Barcelone dans le cadre de l'Université Internationale Menéndez y Pelayo au mois de Septernbre 1984 sous la direction de Monsieur Enric Lluch i Martín. Les thèmes debattus ont été: la gestion territoriale et la nouvelle loi électorale. Il s'agit de quatre sujets en debat; les résolutions qui pourraient être adoptées en rapport avec eux auront une répercussion décisive dans l'aménagement et la gestion de la Catalogne.</subfield>
   </datafield>
   <datafield ind2=" " ind1=" " tag="520">
      <subfield code="a">A series of sessions under the heading of Regional Organization and Administration in the Catalan Autonomus Community in the 1980s was held under the auspices of the Universidad Internacional Menéndez y Pelayo during the month of Septernber 1984, under the leadership of Enric Lluch i Martín. The topics of debate were: local regional adrninistration, regional subdivisions, regional planning, and the new election laws. The solutions applied, in the future, in these four fields will have far-reaching repercussions on the organization .ind adrninistration of Catalonia.</subfield>
   </datafield>
   <datafield ind2=" " ind1=" " tag="520">
      <subfield code="a">Organización y Adrninistración del Territorio en la Cataluña Autónoma de los años 80, fue el título de un encuentro que tuvo lugar en Barcelona en el marco de la Universidad Internacional Menéndez y Pelayo en el mes de septiembre de 1984 bajo la dirección de Enric Lluch i Martín. Los temas que se debatieron fueron los siguientes: la administración territorial local, la división territorial, la planificación territorial y la nueva ley electoral. Son cuatro temas aún pendientes y su resolución tendrá una repercusión decisiva en la organización y administración de Catalunya.</subfield>
   </datafield>
   <datafield tag="653" ind2=" " ind1=" ">
      <subfield code="a">Administració local</subfield>
   </datafield>
   <datafield tag="653" ind2=" " ind1=" ">
      <subfield code="a">Administració territorial</subfield>
   </datafield>
   <datafield tag="653" ind2=" " ind1=" ">
      <subfield code="a">Divisió territorial</subfield>
   </datafield>
   <datafield tag="653" ind2=" " ind1=" ">
      <subfield code="a">Planificació territorial</subfield>
   </datafield>
   <datafield tag="653" ind2=" " ind1=" ">
      <subfield code="a">Llei electoral</subfield>
   </datafield>
   <datafield tag="653" ind2=" " ind1=" ">
      <subfield code="a">Província</subfield>
   </datafield>
   <datafield tag="653" ind2=" " ind1=" ">
      <subfield code="a">Municipi</subfield>
   </datafield>
   <datafield tag="653" ind2=" " ind1=" ">
      <subfield code="a">Divisió administrativa de l'estat</subfield>
   </datafield>
   <datafield tag="653" ind2=" " ind1=" ">
      <subfield code="a">Comarca</subfield>
   </datafield>
   <datafield ind2="0" ind1="0" tag="245">
      <subfield code="a">Resum de la trobada "Organització i administració del territori en la Catalunya Autònoma dels anys 80" (Barcelona, setembre 1984)</subfield>
   </datafield>
</record></metadata></record></GetRecord></OAI-PMH>